<?xml version="1.0" encoding="UTF-8"?><collection xmlns="info:lc/xmlns/marcxchange-v2"><record format="Unimarc" type="bibliographic"><leader>00677cam  2200217   450 </leader><controlfield tag="001">1723086</controlfield><controlfield tag="003">http://id.bnportugal.gov.pt/bib/porbase/1723086</controlfield><controlfield tag="005">20030625221600.0</controlfield><datafield ind1=" " ind2=" " tag="010"><subfield code="a">0-521-43625-7</subfield><subfield code="b">pbk</subfield></datafield><datafield ind1=" " ind2=" " tag="035"><subfield code="9">22412</subfield></datafield><datafield ind1=" " ind2=" " tag="095"><subfield code="a">PTBN00936690</subfield></datafield><datafield ind1=" " ind2=" " tag="100"><subfield code="a">19941104d1993    km y0pory0103    ba</subfield></datafield><datafield ind1="0" ind2=" " tag="101"><subfield code="a">eng</subfield></datafield><datafield ind1=" " ind2=" " tag="102"><subfield code="a">US</subfield></datafield><datafield ind1="1" ind2=" " tag="200"><subfield code="a">Common sense, science and scepticism</subfield><subfield code="e">a historical introduction to the theory of knowledge</subfield><subfield code="f">Alan Musgrave</subfield></datafield><datafield ind1=" " ind2=" " tag="210"><subfield code="a">Cambridge</subfield><subfield code="c">University Press</subfield><subfield code="d">1993</subfield></datafield><datafield ind1=" " ind2=" " tag="215"><subfield code="a">XIV, 310 p.</subfield><subfield code="c">il.</subfield><subfield code="d">22 cm</subfield></datafield><datafield ind1=" " ind2=" " tag="675"><subfield code="a">1(091)</subfield><subfield code="v">2med</subfield><subfield code="z">por</subfield><subfield code="3">288010</subfield></datafield><datafield ind1=" " ind2=" " tag="675"><subfield code="a">165</subfield><subfield code="v">2med</subfield><subfield code="z">por</subfield><subfield code="3">290017</subfield></datafield><datafield ind1=" " ind2="1" tag="700"><subfield code="a">Musgrave</subfield><subfield code="b">Alan</subfield><subfield code="3">253936</subfield></datafield><datafield ind1=" " ind2="0" tag="801"><subfield code="a">PT</subfield><subfield code="b">BN</subfield><subfield code="g">RPC</subfield></datafield><datafield ind1=" " ind2=" " tag="977"><subfield code="1">165 MUS</subfield><subfield code="2">coop</subfield><subfield code="4">UCJPII</subfield><subfield code="6">efalt213750</subfield><subfield code="7">bc</subfield><subfield code="8">coop</subfield><subfield code="9">UCJPII</subfield><subfield code="b">94-3304</subfield><subfield code="k">0</subfield></datafield><datafield ind1=" " ind2=" " tag="998"><subfield code="a">JP100-842</subfield></datafield></record></collection>